| 000 | 00437nam a2200169Ia 4500 | ||
|---|---|---|---|
| 008 | 230718s9999 xx 000 0 und d | ||
| 041 | _aeng | ||
| 082 |
_a621.3815 _bGAY |
||
| 100 | _aGayakwad R.A. | ||
| 245 | _aOp-Amps And Linear Integrated Circuits | ||
| 250 | _a4th ed. | ||
| 260 |
_c2003 _bPrentice Hall Of India |
||
| 300 | _a543 | ||
| 365 |
_cRs. _b195.00 |
||
| 700 | _aGayakwad R.A. | ||
| 906 |
_dB:1974202-Mar-2004 _cETC _b39 |
||
| 999 |
_c307364 _d307364 |
||